| 000 | 00000nam##2200000za#4500 |
| 001 | 9.599534 |
| 003 | CaOODSP |
| 005 | 20240501092931 |
| 007 | cr ||||||||||| |
| 008 | 150406|1997||||xxc|||||o f|0| 0 fre|d |
| 040 | |aCaOODSP|bfre |
| 043 | |an-cn--- |
| 086 | 1 |aPS83-3/53F-PDF |
| 110 | 2 |aService correctionnel Canada. |
| 245 | 10|aDétenus à sécurité maximale sous responsabilité fédérale : |h[ressource électronique]|bcomparaison entre les sexes / |cpar Kelley Blanchette et Laurence L. Motiuk. |
| 260 | |bService correctionnel Canada |cMars 1997. |
| 300 | |a11p.|bréférences, tableaux |
| 490 | 1 |aRapport de recherche|vR-53 |
| 590 | |a10-12-Supp|b2010-11-18 |
| 720 | 1 |aMotiuk, Laurence L. |
| 720 | 1 |aBlanchette, Kelley |
| 775 | 08|tMaximum-security female and male federal offenders : |w(CaOODSP)9.568244 |
| 830 | #0|aRapport de recherche (Service correctionnel Canada. Direction de la recherche)|vR-53|w(CaOODSP)9.502465 |
| 856 | 40|ahttp://publications.gc.ca|qPDF|s37 Ko|uhttps://publications.gc.ca/collections/collection_2010/scc-csc/PS83-3-53-fra.pdf|yR-53 |